01241nam a22003374a 4500001001200000003000800012006001900020007001500039008004100054010001700095020002800112040002100140035002000161050002300181082001700204100001800221245010300239246003600342260003900378300001600417504005100433533015200484650001900636650002000655650002300675650001600698655002900714710001700743856012600760999001700886ebr10021431CaPaEBRm u cr cn|||||||||010713s2002 ctu sb 001 0 eng  z 2001036703 z0275967360 (alk. paper) aCaPaEBRcCaPaEBR a(OCoLC)7076952914aHM841b.I53 2002eb04a303.48/22211 aIlcan, Suzan.10aLonging in belongingh[electronic resource] :bthe cultural politics of settlement /cSuzan Ilcan.30aCultural politics of settlement aWestport, Conn. :bPraeger,c2002. avii, 138 p. aIncludes bibliographical references and index. aElectronic reproduction.bPalo Alto, Calif. :cebrary,d2009.nAvailable via World Wide Web.nAccess may be limited to ebrary affiliated libraries. 0aAcculturation. 0aGroup identity. 0aHuman settlements. 0aImmigrants. 7aElectronic books.2local2 aebrary, Inc.40uhttp://site.ebrary.com/lib/rucke/Doc?id=10021431zAn electronic book accessible through the World Wide Web; click to view c25044d25044